| 000 | 01048nas a2200337 4500 | ||
|---|---|---|---|
| 001 | BR0104813 | ||
| 003 | BR-BrBNA | ||
| 005 | 20231205102448.0 | ||
| 007 | ta | ||
| 008 | 230509b bl.|||p| |||| 00| 00por d | ||
| 040 |
_aBR-BrBNA _bpor _cBiblioteca Nacional de Agricultura |
||
| 041 | _a(Pt) | ||
| 072 | _aL01; L02 | ||
| 100 | 1 | _aFeijo, G.L.D. | |
| 100 | 1 | _aEuclides Filho, K. | |
| 100 | 1 | _aEuclides, V.P.B. | |
| 100 | 1 | _aFigueiredo, G.R. de | |
| 245 | 1 | _aAvaliacao das carcacas de novilhos F1 Angus-Nelore em pastagens de Brachiaria decumbens submetidos a diferentes regimes alimentares | |
| 650 | _aGado de Corte | ||
| 650 | _aCapim Brachiaria | ||
| 650 | _aSuplemento Alimentar | ||
| 650 | _aPastagem | ||
| 650 | _aCarcaca | ||
| 650 | _aConfinamento | ||
| 650 | _aRecria | ||
| 650 | _aCarne | ||
| 650 | _aQualidade | ||
| 773 | 0 |
_tRevista Brasileira de Zootecnia (Brazil) _xISSN 1516-3598 _g(May-Jun 2001), v. 30(3)Suplemento 1 p. 1015-1020 _wBR0104813 |
|
| 909 |
_a202311 _bLúcia _c55 _dLúcia Elande |
||
| 942 |
_2AGRIS _n0 _cANA |
||
| 999 |
_c167690 _d167690 |
||